Ethical issues in fisheries

Đã lưu trong:
Sonraí Bibleagrafaíochta
Formáid: Leabhar
Teanga:Undetermined
Foilsithe: Rome FAO 2005
Ábhair:
Clibeanna: Cuir Clib Leis
Gan Chlibeanna, Bí ar an gcéad duine leis an taifead seo a chlibeáil!
Thư viện lưu trữ: Trung tâm Học liệu Trường Đại học Cần Thơ
LEADER 00446nam a2200169Ia 4500
001 CTU_104910
008 210402s9999 xx 000 0 und d
082 |a 639 
082 |b E84 
245 0 |a Ethical issues in fisheries 
260 |a Rome 
260 |b FAO 
260 |c 2005 
650 |a Fishing,Fishers 
650 |x Moral and ethical aspects,Professional ethics 
904 |i Minh 
980 |a Trung tâm Học liệu Trường Đại học Cần Thơ